00436nam a2200145Ia 4500008004100000041000900041082001900050100002000069245002900089260004200118300000900160650000800169999001700177952009600194230718s9999 xx 000 0 und d aEng. a348.549bKHA-Y aKhakhar,M Anwar 0aYearly Law Repeater 2010 aPakistanbPakistan Law Decisionc2011 a2088 aLaw c27639d27639 00104070aSIRC-LbSIRC-Ld2023-07-18l0o348.549 KHA-Yp22591r2023-07-18w2023-07-18yBK